000 00651ngm a2200277 a 4500
003 OSt
005 20251020182700.0
008 240217s9999 xx 000 0 und d
040 _aPE SENCICO BE
040 _cPE SENCICO BE
041 _aspa
082 _aJ011
245 0 _aAplicaciones GPS para Sistemas de Información Geográfica /
245 0 _cTRIMBLE NAVEGATION
260 _bTRIMBLE NAVEGATION
260 _c1999
300 _a1 VIDEO
300 _bson., Col.
300 _c1:08'
490 _aINFORMACION GEOGRAFICA
511 _aJaime, Mauricio
650 _aGPS
650 _aSIG
910 _aila.
942 _cVID
_2ddc
999 _c4789
_d4789